| 000 | 00414 a2200109 4500 | ||
|---|---|---|---|
| 082 | _a624.18342 ACI | ||
| 245 |
_aRecent developments in deflection evaluation of concrete / _ceditor, Edward G. Nawy. |
||
| 260 |
_aFarmington Hills, Mich. (P.O. Box 9094, Farmington Hills 48333) : _bAmerican Concrete Institute, _c1996. |
||
| 300 |
_avii, 288 p. : _bill. ; _c23 cm. |
||
| 650 |
_aConcrete _xTesting. |
||
| 650 | _aFlexure. | ||
| 830 | 0 | _aPublication SP ; | |
| 999 |
_c1424 _d1424 |
||